000 00821nas a2200265 4500
001 BR0101131
003 BR-BrBNA
005 20231205102109.0
007 ta
008 230509b bl.|||p| |||| 00| 00por d
040 _aBR-BrBNA
_bpor
_cBiblioteca Nacional de Agricultura
041 _a(Pt)
072 _aF06; U10
100 1 _aRodrigues, L.N.
100 1 _aPruski, F.F.
100 1 _aMartinez, M.A.
100 1 _aSilva, D.D.
245 1 _aMetodologia para estimativa da intensidade de precipitacao maxima admissivel em pivo central
650 _aIrrigacao por Pivo Central
650 _aInfiltracao
650 _aModelo Matematico
773 0 _tEngenharia Agricola (Brazil)
_xISSN 0100-6916
_g(Dec 1999), v. 19(2) p. 151-162
_wBR0101131
909 _a202311
_bLúcia
_c55
_dLúcia Elande
942 _2AGRIS
_n0
_cANA
999 _c165725
_d165725